000 00799nam a2200241Ia 4500
003 PE SENCICO BE
005 20251020182434.0
008 200515s9999 xx 000 0 und d
040 _aPE SENCICO BE
_cPE SENCICO BE
041 _aspa
082 _a370.985
_bI5R
110 1 _aInstituto Peruano de Administración de Empresas
_92567
245 1 0 _aPerú: ¿en que país queremos vivir? :
_bla apuesta por la educación y la cultura, resúmenes ejecutivos /
_cInstituto Peruano de Administración de Empresas
250 _a1a ed.
260 _aLima :
_bIPAE ;
_c2001
300 _a127 p. :
_c24 cm.
650 1 0 _aEducación
_92279
650 2 0 _aCultura
_9969
650 2 0 _aCalidad de la educación
_92692
651 0 _9661
_aPerú
711 1 _92698
_a38 CADE 2000 - 2001
942 _cLIB
_2ddc
999 _c327
_d327